| 000 | 01019cam a22002894i 4500 | ||
|---|---|---|---|
| 003 | PE-LiUPU | ||
| 005 | 20250731183339.0 | ||
| 008 | 150915s2014 pe a r 000 0 spa d | ||
| 035 | _a(Sirsi) a154423 | ||
| 040 |
_aPE-LiUPU _bspa _cPE-LiUPU _erda |
||
| 041 | 1 |
_aspa _aeng |
|
| 082 | 0 | 4 |
_a728.585 _bH7 |
| 245 | 0 | 0 |
_aHoteles luxury : _bPerú / _cAndrés Guevara Pineda, Director |
| 246 | 3 | 4 | _aMejores hoteles del Perú |
| 264 | 1 |
_a[Lima] : _bGrama publicidad , _c[2014]. |
|
| 300 |
_a163 páginas : _bilustraciones ; _c35 cm |
||
| 505 | 0 | _aHoteles en Lima -- Hoteles en cusco -- Hoteles en arequipa -- Hoteles en Puno -- Hoteles en la selva -- Hoteles en Máncora -- Hoteles en Ica. | |
| 526 | _aP158 | ||
| 526 | _aP146 | ||
| 526 | _aP17 | ||
| 526 | _aP12 | ||
| 526 | _aP06 | ||
| 700 | 1 |
_aGuevara Pineda, Andrés, _edirector. |
|
| 856 | 0 | 1 | _uhttp://www.cenfotur.edu.pe/bibliotecaweb/documentos/Los-mejores-hoteles-del-peru.pdf |
| 942 |
_2ddc _cBOOK |
||
| 999 |
_c7128 _d7128 |
||
| 980 |
_81 _gALBERTO SANCHEZ Responsable de Automatización |
||